Every NBA Player to Lead the League in All Star Voting - Statistics

General Stats
  • This quiz has been taken 128 times
    72 since last reset
  • The average score is 42 of 48
Answer Stats
Year Team Answer % Correct
02-03 Los Angeles Lakers Kobe Bryant
98%
10-11 Los Angeles Lakers Kobe Bryant
98%
12-13 Los Angeles Lakers Kobe Bryant
98%
15-16 Los Angeles Lakers Kobe Bryant
98%
06-07 Cleveland Cavaliers LeBron James
97%
09-10 Cleveland Cavaliers LeBron James
97%
13-14 Miami Heat LeBron James
97%
16-17 Cleveland Cavaliers LeBron James
97%
17-18 Cleveland Cavaliers LeBron James
97%
18-19 Los Angeles Lakers LeBron James
97%
19-20 Los Angeles Lakers LeBron James
97%
20-21 Los Angeles Lakers LeBron James
97%
21-22 Los Angeles Lakers LeBron James
97%
22-23 Los Angeles Lakers LeBron James
97%
86-87 Chicago Bulls Michael Jordan
97%
87-88 Chicago Bulls Michael Jordan
97%
88-89 Chicago Bulls Michael Jordan
97%
89-90 Chicago Bulls Michael Jordan
97%
90-91 Chicago Bulls Michael Jordan
97%
91-92 Chicago Bulls Michael Jordan
97%
92-93 Chicago Bulls Michael Jordan
97%
96-97 Chicago Bulls Michael Jordan
97%
97-98 Chicago Bulls Michael Jordan
97%
14-15 Golden State Warriors Stephen Curry
97%
84-85 Los Angeles Lakers Magic Johnson
95%
85-86 Los Angeles Lakers Magic Johnson
95%
93-94 Phoenix Suns Charles Barkley
89%
08-09 Orlando Magic Dwight Howard
89%
11-12 Orlando Magic Dwight Howard
89%
07-08 Boston Celtics Kevin Garnett
85%
99-00 Toronto Raptors Vince Carter
84%
00-01 Toronto Raptors Vince Carter
84%
01-02 Toronto Raptors Vince Carter
84%
03-04 Toronto Raptors Vince Carter
84%
77-78 Philadelphia 76ers Julius Erving
82%
80-81 Philadelphia 76ers Julius Erving
82%
81-82 Philadelphia 76ers Julius Erving
82%
82-83 Philadelphia 76ers Julius Erving
82%
04-05 Houston Rockets Yao Ming
80%
05-06 Houston Rockets Yao Ming
80%
83-84 Philadelphia 76ers Moses Malone
79%
78-79 San Antonio Spurs George Gervin
75%
79-80 San Antonio Spurs George Gervin
75%
75-76 Golden State Warriors Rick Barry
66%
94-95 Detroit Pistons Grant Hill
59%
95-96 Detroit Pistons Grant Hill
59%
74-75 Buffalo Braves Bob McAdoo
57%
76-77 Denver Nuggets David Thompson
48%
No matching quizzes found
Score Distribution
Percent of People with Each Score
Percentile by Number Answered
Your Score History
You have not taken this quiz since the last reset